10 Największych miast w Afryce - Statystyki

Ogólne statystyki
  • Ten quiz został rozwiązany 51 razy
  • Średni wynik to 8 z 10
Statystyki odpowiedzi
Państwo Miasto % Poprawnych
Egipt Kair
100%
Kenia Nairobi
92%
Republika Południowej Afryki Johannesburg
90%
Egipt Aleksandria
87%
Demokratyczna Republika Konga Kinszasa
87%
Nigeria Lagos
82%
Sudan Chartum
79%
Wybrzeże Kości Słoniowej Abidżan
54%
Egipt Giza
41%
Tanzania Dar es Salaam
38%
Nie znaleziono quizów pasujących do podanych kryteriów
Rozkład punktacji
Procent ludzi z każdym wynikiem
Percentyl według liczby udzielonych odpowiedzi
Twoja historia wyników
Nie rozwiązałeś tego quizu